000 00328pab a2200145 454500
008 180718b1987 xxu||||| |||| 00| 0 eng d
100 _aDantwala, M.L.
245 _aAgriculture and rural poverty
260 _c1987
300 _a3-16
362 _a20 Sep.
650 _aAgriculture - India
773 _aJamata
909 _a3677
999 _c3677
_d3677